2020 Steelers - Statistics

General Stats
  • This quiz has been taken 110 times
  • The average score is 32 of 56
Answer Stats
# Pos. Player % Correct
7 QB Ben Roethlisberger
98%
9 K Chris Boswell
94%
2 QB Mason Rudolph
94%
90 OLB TJ Watt
93%
44 FB Derek Watt
91%
18 WR Diontae Johnson
90%
19 WR JuJu Smith-Schuster
90%
97 DE Cameron Heyward
88%
11 WR Chase Claypool
84%
39 FS Minkah Fitzpatrick
84%
30 RB James Conner
82%
13 WR James Washington
80%
23 CB Joe Haden
80%
53 C Maurkice Pouncey
78%
24 RB Benny Snell Jr.
72%
48 OLB Bud Dupree
71%
6 QB Devlin Hodges
71%
5 QB Josh Dobbs
70%
55 ILB Devin Bush
69%
34 SS Terrell Edmunds
69%
85 TE Eric Ebron
67%
4 P Jordan Berry
67%
33 RB Trey Edmunds
67%
66 G David DeCastro
66%
91 DE Stephon Tuitt
64%
41 ILB Robert Spillane
61%
89 TE Vance McDonald
61%
98 ILB Vince Williams
58%
78 T Alejandro Villanueva
56%
56 OLB Alex Highsmith
56%
26 RB Anthony McFarland Jr.
56%
20 CB Cam Sutton
54%
81 TE Zach Gentry
51%
14 WR Ray Ray McCloud
49%
28 CB Mike Hilton
48%
38 RB Jaylen Samuels
47%
69 G Kevin Dotson
47%
22 CB Steven Nelson
47%
21 S Sean Davis
45%
94 NT Tyson Alualu
45%
31 CB Justin Layne
42%
42 CB James Pierre
40%
71 G Matt Feiler
37%
37 SS Jordan Dangerfield
36%
27 S Marcus Allen
36%
72 T Zach Banner
36%
76 T Chukwuma Okorafor
31%
95 DE Chris Wormley
30%
51 ILB Avery Williamson
29%
57 LS Kam Canaday
29%
96 NT Isaiah Buggs
27%
99 DE Henry Mondeaux
22%
92 OLB Ola Adeniyi
13%
65 T Jerald Hawkins
12%
77 T Derwin Gray
10%
61 G Stefen Wisniewski
9%
No matching quizzes found
Score Distribution
Percent of People with Each Score
Percentile by Number Answered
Your Score History
You have not taken this quiz